Southville International School and Colleges
Your cart is empty.
  • Cart
  • Lists
    Public lists Eva Luna New books Lux_list list_1
    Your lists Log in to create your own lists
  • Log in to your account
  • Your cookies
  • Search history
Southville International School and Colleges
  • Advanced search
  • Recent comments
  • Most popular
  • Libraries

Log in to your account

Log in with GOOGLE


If you do not have an external account, but do have a local account, you can still log in:

  1. Home
  2. MARC view: GEMS 2 :
Normal view MARC view ISBD view

GEMS 2 : (Record no. 25106)

[ view plain ]
MARC details
000 -LEADER
fixed length control field 00644nam a2200193 a 4500
005 - DATE AND TIME OF LATEST TRANSACTION
control field 20140310183602.0
008 - FIXED-LENGTH DATA ELEMENTS--GENERAL INFORMATION
fixed length control field 120716s19uu xx 00 eng d
020 ## - INTERNATIONAL STANDARD BOOK NUMBER
International Standard Book Number 9789712723834
050 ## - LIBRARY OF CONGRESS CALL NUMBER
Classification number PN 6014
Item number .C154 2010
100 ## - MAIN ENTRY--PERSONAL NAME
Personal name Calixihan, Jovita O.
245 ## - TITLE STATEMENT
Title GEMS 2 :
Statement of responsibility, etc Jovita O. Calixihan, Lucesa Y. Diano.
Remainder of title in Afro-Asian literature /
260 ## - PUBLICATION, DISTRIBUTION, ETC. (IMPRINT)
Place of publication, distribution, etc Pasig City, Philippines :
Name of publisher, distributor, etc Anvil Pub,
Date of publication, distribution, etc 2010.
300 ## - PHYSICAL DESCRIPTION
Extent xxxii, 294 p. :
Dimensions 26 cm.
650 ## - SUBJECT ADDED ENTRY--TOPICAL TERM
Topical term or geographic name as entry element African literature
General subdivision Translations into English
650 ## - SUBJECT ADDED ENTRY--TOPICAL TERM
Topical term or geographic name as entry element Oriental literature
General subdivision Translations into English
700 ## - ADDED ENTRY--PERSONAL NAME
Personal name Diano, Lucesa Y.
942 ## - ADDED ENTRY ELEMENTS (KOHA)
Koha item type Books
Source of classification or shelving scheme Library of Congress Classification
Call number prefix Local
Holdings
Withdrawn status Lost status Source of classification or shelving scheme Damaged status Home library Current library Shelving location Date acquired Total Checkouts Full call number Barcode Date last seen Date checked out Copy number Price effective from Koha item type
    Library of Congress Classification   College Library College Library Filipiniana Section 07/16/2012 1 PN 6014 .C154 2010 C14315 05/08/2018 02/24/2017 1 03/10/2014 Books

GEMS 2 :

APA

Calixihan J. O., Diano L. Y., . (2010). GEMS 2. Pasig City, Philippines: Anvil Pub.

Chicago

Calixihan Jovita O, Diano Lucesa Y, . 2010. GEMS 2. Pasig City, Philippines: Anvil Pub.

Harvard

Calixihan J. O., Diano L. Y., . (2010). GEMS 2. Pasig City, Philippines: Anvil Pub.

MLA

Calixihan Jovita O, Diano Lucesa Y, . GEMS 2. Pasig City, Philippines: Anvil Pub. 2010.

  • Place hold
  • Print
  • Cite
  • Add to your cart (remove)
  • Save record
    BIBTEX Dublin Core MARCXML MARC (non-Unicode/MARC-8) MARC (Unicode/UTF-8) MARC (Unicode/UTF-8, Standard) MODS (XML) RIS
  • More searches
    Search for this title in:
    Other Libraries (WorldCat) Other Databases (Google Scholar) Online Stores (Bookfinder.com) Open Library (openlibrary.org)

Exporting to Dublin Core...

SOUTHVILLE LIBRARY

Southville International School and Colleges Library

1281 Tropical Ave. Cor. Luxembourg St., BF Homes International, Las Pinas City

Tel. No. 8256374 / 252358 Loc. 117/146

Powered by Koha